| 000 | nam a22 a 4500 | ||
|---|---|---|---|
| 999 |
_c135171 _d135171 |
||
| 003 | BLK | ||
| 005 | 20221121155514.0 | ||
| 008 | 180409b bul|||||r ||||||| ||bul|| | ||
| 010 | _aKNG00141094000 | ||
| 040 | _aBLK | ||
| 041 |
_aBUL _cBUL |
||
| 080 |
_aНемска литература _b821.112.2 _x-31 _z821.112.2-31 |
||
| 100 | 1 |
_aГрюн, Макс фон дер _eпърви автор _9324532 |
|
| 139 |
_aГрюн, Макс фон дер _bГ 89 |
||
| 245 | 1 | 0 |
_aПоледица _bРоман _cМакс фон дер Грюн ; прев. от нем. Елисавета Кузманова ; с предг. от Федя Филкова. |
| 257 | _aDEU | ||
| 260 |
_aСофия _bНар. култура _c1978 |
||
| 300 |
_a244 с. _c21 см |
||
| 380 | _aX | ||
| 490 |
_aБиблиотека Избрани романи _v№ 6 _9201228 |
||
| 500 | _aАвт. не е отбелязан на кор. - Ориг. загл. Stellenwelse Glatteis. - 25 125 тир. | ||
| 700 | 1 |
_aКузманова, Елисавета Тодорова _eпрев. от нем. _9367022 |
|
| 700 | 1 |
_aФилкова, Федя Райкова _eс предг. от _9367789 |
|
| 852 | _aЦб 95404 | ||
| 856 | 4 |
_qpdf _i0.00 _ldisable |
|
| 856 | 4 |
_qpdf _i0.00 _ldisable |
|
| 942 |
_cKNG _n0 _s1 |
||
| 944 |
_aCR _c26.09.2016 _kПравда_Бадева |
||
| 944 |
_aED _c26.09.2016 _kПравда_Бадева |
||
| 999 | _d135171 | ||